[Event "Bochum-ch"]
[Site "Bochum"]
[Date "2004.05.19"]
[Round "3"]
[White "Meyers, Gerhard"]
[Black "Picker, Andre"]
[Result "1-0"]
[WhiteElo "1642"]
[BlackElo "1359"]
[PlyCount "75"]
[EventDate "2004.05.05"]
[EventType "swiss"]
[EventRounds "7"]
[EventCountry "GER"]
[SourceTitle "EXT 2006"]
[Source "ChessBase"]
[SourceDate "2005.11.24"]
[SourceVersion "1"]
[SourceVersionDate "2005.11.24"]
[SourceQuality "1"]

1. e4 e5 2. Nc3 Nc6 3. Bc4 Nf6 4. d3 h6 5. f4 Bb4 6. f5 d5 7. Bb5 d4 8. a3 Bxc3+ 9. bxc3 dxc3 10. a4 a6 11. Bc4 Qd4 12. Ne2 Qc5 13. Nxc3 Nd4 14. h3 Rb8 15. Rb1 Bd7 16. Bd2 b5 17. axb5 axb5 18. Rb2 0-0 19. Ba2 Qc6 20. Nd5 Nxd5 21. Bxd5 Qf6 22. c3 Qh4+ 23. Kf1 c6 24. Ba2 Nxf5 25. exf5 Bxf5 26. Qf3 Bd7 27. Be3 Qf6 28. Qxf6 gxf6 29. Bxh6 Kh7 30. Bxf8 Rxf8 31. Rf2 Ra8 32. g4 Kg7 33. Kg2 Ra3 34. Rc1 c5 35. Bd5 b4 36. cxb4 Rxd3 37. Rxc5 Kg6 38. Be4+ 1-0

[Event "Bochum-ch"]
[Site "Bochum"]
[Date "2004.05.13"]
[Round "1"]
[White "Meyers, Gerhard"]
[Black "Lietz, Werner"]
[Result "1-0"]
[WhiteElo "1642"]
[BlackElo "1613"]
[PlyCount "117"]
[EventDate "2004.05.05"]
[EventType "swiss"]
[EventRounds "7"]
[EventCountry "GER"]
[SourceTitle "EXT 2006"]
[Source "ChessBase"]
[SourceDate "2005.11.24"]
[SourceVersion "1"]
[SourceVersionDate "2005.11.24"]
[SourceQuality "1"]

1. e4 e5 2. Nc3 Nf6 3. Bc4 Be7 4. d3 0-0 5. f4 Nc6 6. f5 Na5 7. Bb3 Nxb3 8. axb3 d5 9. Qf3 dxe4 10. dxe4 b6 11. Be3 Bb7 12. Nge2 g6 13. g4 Kh8 14. h4 gxf5 15. g5 fxe4 16. Qf5 Nd7 17. Ng3 Bd6 18. Ngxe4 Qe7 19. 0-0 Qe6 20. Nxd6 cxd6 21. Qxe6 fxe6 22. Rxf8+ Nxf8 23. Nb5 d5 24. Rxa7 Rxa7 25. Nxa7 d4 26. Bd2 e4 27. Nb5 e3 28. Be1 e5 29. Nd6 Bd5 30. Kf1 Ng6 31. Bg3 Kg7 32. Nc4 Bxc4+ 33. bxc4 Kf7 34. Ke2 Ke6 35. b4 Ne7 36. Kd3 Nf5 37. Be1 Nd6 38. c3 dxc3 39. Kxc3 Kf5 40. Kd3 Kf4 41. c5 bxc5 42. bxc5 e4+ 43. Kd4 Nf5+ 44. Kd5 e2 45. c6 Ne3+ 46. Kd6 Nc2 47. Bc3 Nd4 48. Kd7 Nb5 49. Be1 Kf3 50. h5 Kg2 51. g6 hxg6 52. hxg6 Kf1 53. Bh4 Nd4 54. c7 Nf5 55. c8Q Nxh4 56. Qa6 Nxg6 57. Qf6+ Kg2 58. Qxg6+ Kf3 59. Qg1 1-0